000
00493nam a2200181Ia 4500
008
090123s9999 xx 000 0 und d
082
_b
25710
100
_a
मराठे अनंत
245
_a
आंधळा
250
_a
1
260
_b
मराठे पब्लिशिंग हाऊस
300
_a
124
600
_a
मराठे अनंत
630
_a
आंधळा
700
_a
मराठे अनंत
730
_a
आंधळा
942
_c
BOOK
999
_c
63781
_d
63781